Visualizzazione normale
Vista MARC
- Jansenistas
di Topical Term
Records bibliografici associati: 2
001 - CONTROL NUMBER
- control field: 47151
003 - CONTROL NUMBER IDENTIFIER
- control field: IT-RoINE
005 - DATE AND TIME OF LATEST TRANSACTION
- control field: 20180411110204.0
008 - FIXED-LENGTH DATA ELEMENTS
- fixed length control field: 180411|| aca||aabn | a|a d
040 ## - CATALOGING SOURCE
- Original cataloging agency: IT-RoINE
- Transcribing agency: IT-RoINE
150 ## - HEADING--TOPICAL TERM
- Topical term or geographic name as entry element: Jansenistas
670 ## - SOURCE DATA FOUND
- Source citation: Work cat.: (IT-RoINE)0: Salviucci Insolera, Lydia 43572, L'Imago primi saeculi (1640) e il significato dell'imagine allegorica nella Compagnia di Gesù :, 2004.